Sylvester and the magic pebble.

In a moment of fright Sylvester the donkey asks his magic pebble to turn him into a rock but then can not hold the pebble to wish himself back to normal again.

Bibliographic Details
Main Author: Steig, William, 1907-2003
Format: Book
Language:English
Published: New York : Windmill Books, [1969]
Subjects:

MARC

Tag First Indicator Second Indicator Subfields
LEADER 00000cam a2200000 4500
001 in00000090747
005 20150923131040.0
008 690410s1969 nyua j 00001 eng
010 |a  69014484  
035 |a (OCoLC)00005065 
035 |9 AAK6586AM 
037 |c 4.95 
040 |a DLC  |c DLC  |d m.c.  |d TXA  |d UtOrBLW 
049 |a [Curr Col] TXAM  |c 1 [1503319], 2 [1503320], 3 [1111095], 4 [1113398], 5 [1113397] 
050 0 0 |a PZ10.3 S816  |b  Sy 
082 0 |a [Fic] 
100 1 |a Steig, William,  |d 1907-2003. 
245 1 0 |a Sylvester and the magic pebble. 
264 1 |a New York :  |b Windmill Books,  |c [1969] 
300 |a 32 unnumbered pages :  |b color illustrations ;  |c 32 cm. 
336 |a text  |b txt  |2 rdacontent 
337 |a unmediated  |b n  |2 rdamedia 
338 |a volume  |b nc  |2 rdacarrier 
520 |a In a moment of fright Sylvester the donkey asks his magic pebble to turn him into a rock but then can not hold the pebble to wish himself back to normal again. 
586 |a Caldecott Medal, 1970 
650 1 |a Donkeys  |x Fiction. 
999 |a MARS 
999 f f |s 0ad63a0e-f09c-39ec-8426-70828d39a8d0  |i 392e4ebd-3fc0-3f6f-86c3-535792e49715  |t 0 
952 f f |p normal  |a Texas A&M University  |b College Station  |c Sterling C. Evans Library  |d Evans: Curriculum Collection (4th floor)  |t 0  |e PZ10.3 S816 Sy  |h Library of Congress classification  |i unmediated -- volume  |m A14807260925 
998 f f |a PZ10.3 S816 Sy  |t 0  |l Evans: Curriculum Collection (4th floor)